000 00527nam a2200205Ia 4500
005 20250923145703.0
008 008 250917s9999 xx 000 0 eng d
037 _aTextual
040 _aDSWL
_beng
_cDSWL
041 _aeng
_2eng
084 _aS, N70
_qDSWL
100 _aCohen, J.
_9837953
245 0 _aHome psychologicus
_c by J. Cohen
260 _aLondon
_bGeorge Allen
_c1970
300 _a192 p.
365 _aGBP
_b1.4
925 _g1.4
942 _cTEXL
_hS, N70
999 _c1454369
_d1454369